00361nam a2200145Ia 4500003000400000005001700004008004000021040000700061041001200068082001700080100001900097245003400116260005800150300000700208OSt20230506120739.0210210b2001 xxu||||| |||| 00| 0 eng d cAL aKonkani a491.465 NAYK aNAYK (Pratap). aKonkani barovnchi praman rit. aGova.bTomas Stivans Konkni Kendr Alt Parvari.,c2001 a84